<?xml version="1.0" encoding="UTF-8"?>
<record
    xmlns:xsi="http://www.w3.org/2001/XMLSchema-instance"
    xsi:schemaLocation="http://www.loc.gov/MARC21/slim http://www.loc.gov/standards/marcxml/schema/MARC21slim.xsd"
    xmlns="http://www.loc.gov/MARC21/slim">

  <leader>01320nam0a2200337   4500</leader>
  <controlfield tag="001">RU\NLR\BIBL_A\011409797</controlfield>
  <controlfield tag="005">20260406145515.0</controlfield>
  <datafield tag="010" ind1=" " ind2=" ">
    <subfield code="a">978-5-699-92684-8</subfield>
    <subfield code="9">8 000</subfield>
  </datafield>
  <datafield tag="021" ind1=" " ind2=" ">
    <subfield code="a">RU</subfield>
    <subfield code="b">2017-38767</subfield>
    <subfield code="9">2827</subfield>
  </datafield>
  <datafield tag="035" ind1=" " ind2=" ">
    <subfield code="a">(RuMoRGB)008896017</subfield>
  </datafield>
  <datafield tag="035" ind1=" " ind2=" ">
    <subfield code="a">(NLR Aleph) 011409797</subfield>
  </datafield>
  <datafield tag="090" ind1=" " ind2=" ">
    <subfield code="a">11551366</subfield>
    <subfield code="c">11551366</subfield>
  </datafield>
  <datafield tag="100" ind1=" " ind2=" ">
    <subfield code="a">20170619d2017    |||y0rusy50      ca</subfield>
  </datafield>
  <datafield tag="101" ind1="1" ind2=" ">
    <subfield code="a">rus</subfield>
    <subfield code="c">eng</subfield>
  </datafield>
  <datafield tag="102" ind1=" " ind2=" ">
    <subfield code="a">RU</subfield>
  </datafield>
  <datafield tag="105" ind1=" " ind2=" ">
    <subfield code="a">y   z   000ay</subfield>
  </datafield>
  <datafield tag="200" ind1="1" ind2=" ">
    <subfield code="a">&#x41D;&#x430;&#x434; &#x43F;&#x440;&#x43E;&#x43F;&#x430;&#x441;&#x442;&#x44C;&#x44E; &#x432;&#x43E; &#x440;&#x436;&#x438;</subfield>
    <subfield code="a">&#x41B;&#x43E;&#x432;&#x435;&#x446; &#x43D;&#x430; &#x445;&#x43B;&#x435;&#x431;&#x43D;&#x43E;&#x43C; &#x43F;&#x43E;&#x43B;&#x435;</subfield>
    <subfield code="e">[&#x43F;&#x435;&#x440;&#x435;&#x432;&#x43E;&#x434; &#x441; &#x430;&#x43D;&#x433;&#x43B;&#x438;&#x439;&#x441;&#x43A;&#x43E;&#x433;&#x43E;]</subfield>
    <subfield code="f">&#x414;&#x436;. &#x414;. &#x421;&#x44D;&#x43B;&#x438;&#x43D;&#x434;&#x436;&#x435;&#x440;</subfield>
  </datafield>
  <datafield tag="210" ind1=" " ind2=" ">
    <subfield code="a">&#x41C;&#x43E;&#x441;&#x43A;&#x432;&#x430;</subfield>
    <subfield code="c">Like book</subfield>
    <subfield code="c">&#x42D;</subfield>
    <subfield code="d">2017</subfield>
  </datafield>
  <datafield tag="215" ind1=" " ind2=" ">
    <subfield code="a">278, 298 &#x441;. &#x432;&#x441;&#x442;&#x440;&#x435;&#x447;. &#x43F;&#x430;&#x433;.</subfield>
    <subfield code="d">18</subfield>
  </datafield>
  <datafield tag="225" ind1="1" ind2=" ">
    <subfield code="a">#&#x43F;&#x440;&#x430;&#x432;&#x438;&#x43B;&#x44C;&#x43D;&#x44B;&#x435;_&#x43A;&#x43D;&#x438;&#x433;&#x438;</subfield>
  </datafield>
  <datafield tag="309" ind1=" " ind2=" ">
    <subfield code="a">&#x41A;&#x43D;.-&#x43F;&#x435;&#x440;&#x435;&#x432;&#x435;&#x440;&#x442;&#x44B;&#x448;</subfield>
  </datafield>
  <datafield tag="333" ind1=" " ind2=" ">
    <subfield code="a">18+</subfield>
  </datafield>
  <datafield tag="455" ind1=" " ind2="1">
    <subfield code="1">2000#$aThe catcher in the rye</subfield>
    <subfield code="1">700#0$aSalinger$bJ. D.$f1919-2010$gJerome David$3RU\NLR\AUTH\774718</subfield>
    <subfield code="t">The catcher in the rye</subfield>
    <subfield code="a">Salinger, Jerome David (1919-2010)</subfield>
  </datafield>
  <datafield tag="686" ind1=" " ind2=" ">
    <subfield code="a">&#x428;5(7&#x421;&#x428;&#x410;)62-644</subfield>
    <subfield code="2">rubbk</subfield>
  </datafield>
  <datafield tag="686" ind1="1" ind2=" ">
    <subfield code="a">&#x428;6(7&#x421;&#x428;&#x410;)67-440.4(&#x41B;&#x445;1979-50)</subfield>
  </datafield>
  <datafield tag="700" ind1=" " ind2="1">
    <subfield code="8">rus</subfield>
    <subfield code="7">ca</subfield>
    <subfield code="a">&#x421;&#x44D;&#x43B;&#x438;&#x43D;&#x434;&#x436;&#x435;&#x440;</subfield>
    <subfield code="b">&#x414;. &#x414;.</subfield>
    <subfield code="f">1919-2010</subfield>
    <subfield code="g">&#x414;&#x436;&#x435;&#x440;&#x43E;&#x43C; &#x414;&#x435;&#x439;&#x432;&#x438;&#x434;</subfield>
    <subfield code="3">RU\NLR\auth\774717</subfield>
    <subfield code="9">114694</subfield>
  </datafield>
  <datafield tag="942" ind1=" " ind2=" ">
    <subfield code="c">BOOK</subfield>
  </datafield>
  <datafield tag="980" ind1=" " ind2=" ">
    <subfield code="a">NBR</subfield>
  </datafield>
  <datafield tag="980" ind1=" " ind2=" ">
    <subfield code="a">NB</subfield>
  </datafield>
  <datafield tag="995" ind1=" " ind2=" ">
    <subfield code="5">2017-06-19</subfield>
    <subfield code="a">ad</subfield>
    <subfield code="b">NLR01</subfield>
    <subfield code="c">NLR01</subfield>
    <subfield code="e">RF31</subfield>
    <subfield code="f">1-1893139</subfield>
    <subfield code="k">2017-3/17111</subfield>
    <subfield code="o">0</subfield>
    <subfield code="r">BOOK</subfield>
    <subfield code="s">2017317111_</subfield>
  </datafield>
  <datafield tag="995" ind1=" " ind2=" ">
    <subfield code="5">2017-06-19</subfield>
    <subfield code="a">ad</subfield>
    <subfield code="b">NLR01</subfield>
    <subfield code="c">NLR01</subfield>
    <subfield code="e">RF31</subfield>
    <subfield code="f">1-1893140</subfield>
    <subfield code="k">2017-3/17111</subfield>
    <subfield code="o">0</subfield>
    <subfield code="r">BOOK</subfield>
    <subfield code="s">2017317111_</subfield>
  </datafield>
</record>
